Vista normal Vista MARC

Entrada Geographic Name

Número de registros utilizados en: 1

001 - CONTROL NUMBER

  • control field: 37369

003 - CONTROL NUMBER IDENTIFIER

  • control field: OSt

005 - DATE AND TIME OF LATEST TRANSACTION

  • control field: 20210503124338.0

008 - FIXED-LENGTH DATA ELEMENTS

  • fixed length control field: 210503|| aca||aabn | a|a d

040 ## - CATALOGING SOURCE

  • Original cataloging agency: OSt
  • Transcribing agency: OSt

151 ## - HEADING--GEOGRAPHIC NAME

  • Geographic name: Colombia
  • General subdivision: Problemas sociales

670 ## - SOURCE DATA FOUND

  • Source citation: Work cat.: (OSt)7768: Restrepo Salazar, Juan Camilo, 15400 autor, Respuestas a Colombia / , ©1998